00743cam a2200229Mc 450000500170000000800410001702000150005802000190007304000500009204100080014206000110015010000240016124500460018525000110023126000560024230000730029850400530037165000160042465000190044065000260045965000280048520180622105855.0110531s2012 xxuado fr 001 0 eng d a0813817587 a9780813817583  aCO-BoUCMbspacJose A. GerenadJose A. Gerena0 aeng aQH 1001 aLewbart, Gregory A.00aInvertebrate medicinecGregory A. Lewbart a2nd ed3 aAmes, (Iowa, Estados Unidos)bWiley-Blackwellc2012 axv, 488 páginasbilustraciones, cuadros, gráficas, fotografías aIncluye referencias bibliográficas e índices 7aBiología  7aInvertebrados  7aMedicina veterinaria  7aAnatomía veterinaria